[Event "SuperGM"]
[Site "Linares ESP"]
[Date "1998.03.01"]
[Round "7"]
[White "Ivanchuk, Vassily"]
[Black "Topalov, Veselin"]
[Result "0-1"]
[WhiteElo "2740"]
[BlackElo "2740"]
[EventDate "1998.02.22"]

1.e4 c5 2.Cf3 d6 3.d4 cxd4 4.Cxd4 Cf6 5.Cc3 a6 6.Fe3 e5 7.Cb3 Fe6 8.f3 Fe7
9.Dd2 Cbd7 10.g4 h6 11.O-O-O b5 12.Rb1 Cb6 13.Ca5 Dc7 14.Fxb6 Dxb6 15.Cd5 
Fxd5 16.exd5 Tc8 17.b4 O-O 18.h4 Tc7 19.Fh3 Ch7 20.Fg2 Tfc8 21.Cc6 Cf6 22.
f4 Cxg4 23.Fh3 h5 24.Thg1 f5 25.fxe5 dxe5 26.Tgf1 Tf8 27.Cxe7+ Txe7 28.d6 
Tef7 29.Fxg4 hxg4 30.Dd5 f4 31.Dxe5 g3 32.Dd5 Db7 33.Dxb7 Txb7 34.d7 Txd7 
35.Txd7 f3 36.Tdd1 f2 37.Tg1 fxg1=D 38.Txg1 Tf3 39.Rc1 Rh7 40.Rd1 Rh6 41.
Re2 Tc3 42.Rd2 Ta3 43.c3 g2 44.Re2 Txa2+ 45.Rf3 Rh5 46.Rg3 Tc2 47.Ta1 
Txc3+ 48.Rxg2 Tc4 49.Txa6 Txh4 50.Ta7 g6 51.Th7+ Rg5 52.Txh4 Rxh4 0-1

[Event "SuperGM"]
[Site "Linares ESP"]
[Date "1998.03.09"]
[Round "14"]
[White "Topalov, Veselin"]
[Black "Ivanchuk, Vassily"]
[Result "1/2-1/2"]
[WhiteElo "2740"]
[BlackElo "2740"]
[EventDate "1998.02.22"]

1.e4 c5 2.Cf3 d6 3.d4 cxd4 4.Cxd4 Cf6 5.Cc3 a6 6.Fe3 e6 7.Fe2 Dc7 8.a4 b6 
9.f4 Fb7 10.Ff3 Cbd7 11.De2 e5 12.Cf5 g6 13.fxe5 Cxe5 14.Fg5 Dd8 15.Ce3 
Fg7 16.O-O h6 17.Fh4 O-O 18.Ccd5 g5 19.Cxf6+ Dxf6 20.Fg4 Dd8 21.Fg3 Cxg4 
22.Dxg4 De7 23.Cf5 Dxe4 24.Dxe4 Fxe4 25.Cxg7 Rxg7 26.Fxd6 Tfe8 27.c3 f5 
28.a5 Te6 29.Fc7 b5 30.Tad1 Rg6 31.Td6 Txd6 32.Fxd6 h5 33.Td1 Td8 34.Td4 
h4 35.Rf2 h3 36.g4 f4 37.Fe7 Txd4 38.cxd4 Fd5 39.b4 Fb3 40.Re2 Fe6 41.Rf3 
Fd5+ 1/2-1/2

[Event "Hoogovens 5'"]
[Site "Wijk aan Zee NED"]
[Date "1999.01.18"]
[Round "2"]
[White "Ivanchuk, Vassily"]
[Black "Topalov, Veselin"]
[Result "1-0"]
[WhiteElo "2714"]
[BlackElo "2700"]
[EventDate "1999.??.??"]

1.e4 d6 2.d4 Cf6 3.Cc3 g6 4.g3 Fg7 5.Fg2 O-O 6.Cge2 e5 7.h3 Cc6 8.Fe3 a6 
9.O-O exd4 10.Cxd4 Fd7 11.Te1 Te8 12.Rh2 Ce5 13.f4 Cc4 14.Fc1 c5 15.Cde2 
Fc6 16.Dd3 Cb6 17.Fe3 c4 18.Dd4 Cg4+ 19.hxg4 Fxd4 20.Cxd4 Fd7 21.g5 Fg4 
22.a4 Tc8 23.Ff2 Cd7 24.Cd5 f6 25.Fe3 fxg5 26.fxg5 Tc5 27.Ff4 Txd5 28.exd5
Ce5 29.Te4 Db6 30.Tae1 Fd7 31.Fxe5 Txe5 32.Txe5 dxe5 33.Cf3 Dxb2 34.Cxe5 
Ff5 35.Cxc4 Dc3 36.Te8+ Rg7 37.Cd6 Fxc2 38.Te7+ Rg8 39.Ce8 Rf8 40.d6 Fxa4 
41.Cf6 Dc5 42.Cxh7+ Rg8 43.Fd5+ Rh8 44.Cf6 1-0

[Event "Amber Blindfold"]
[Site "Monaco MNC"]
[Date "2000.03.16"]
[Round "1"]
[White "Topalov, Veselin"]
[Black "Ivanchuk, Vassily"]
[Result "1-0"]
[WhiteElo "2702"]
[BlackElo "2709"]
[EventDate "2000.03.16"]

1.e4 c5 2.Cf3 d6 3.d4 cxd4 4.Cxd4 Cf6 5.Cc3 a6 6.Fe3 e5 7.Cb3 Fe6 8.f3 
Cbd7 9.g4 Cb6 10.Dd2 d5 11.O-O-O d4 12.Cxd4 exd4 13.Fxd4 Fe7 14.De3 Cbd7 
15.h3 Da5 16.f4 Fxa2 17.g5 Ch5 18.h4 Tg8 19.Fh3 Cc5 20.Fg4 g6 21.Cxa2 Dxa2
22.Fxc5 Da1+ 23.Rd2 Td8+ 24.Re2 Dxb2 25.Rf3 Dxc2 26.Txd8+ Fxd8 27.Tc1 Dh2 
28.Tg1 Fa5 29.Fd6 Dd2 30.Dxd2 Fxd2 31.Td1 Fa5 32.Tb1 b5 33.Ta1 1-0

[Event "Amber Rapidplay"]
[Site "Monaco MNC"]
[Date "2000.03.16"]
[Round "1"]
[White "Ivanchuk, Vassily"]
[Black "Topalov, Veselin"]
[Result "1/2-1/2"]
[WhiteElo "2709"]
[BlackElo "2702"]
[EventDate "2000.03.16"]

1.d4 Cf6 2.c4 e6 3.Cf3 d5 4.g3 Fb4+ 5.Fd2 Fe7 6.Fg2 O-O 7.O-O c6 8.Db3 b6 
9.Cc3 Cbd7 10.Tac1 Fa6 11.cxd5 cxd5 12.Ff4 Fb7 13.Cb5 Ce4 14.Fc7 De8 15.
Ff4 Dd8 16.Tc7 Fa6 17.Da4 Fxb5 18.Dxb5 Cdf6 19.Da4 a6 20.Dc6 Fd6 21.Fxd6 
Cxd6 22.Tc1 Cb5 23.Tb7 Cd6 1/2-1/2

[Event "?"]
[Site "Leon ESP"]
[Date "1993.??.??"]
[Round "7"]
[White "Karpov, Anatoly"]
[Black "Topalov, Veselin"]
[Result "1/2-1/2"]
[WhiteElo "2725"]
[BlackElo "2635"]
[EventDate "1993.05.??"]

1.d4 Cf6 2.c4 g6 3.Cc3 Fg7 4.e4 d6 5.f3 O-O 6.Fe3 a6 7.Dd2 Cbd7 8.Ch3 c6 
9.Cf2 b5 10.b3 e5 11.d5 cxd5 12.Cxd5 Cxd5 13.Dxd5 Da5+ 14.Dd2 Dxd2+ 15.
Rxd2 Tb8 16.Td1 bxc4 17.Fxc4 Cb6 18.Fd3 Fe6 19.Tc1 d5 20.Re2 a5 21.Fb5 
Tfd8 22.h3 Ff8 23.Cd3 f6 24.Cc5 Fxc5 25.Txc5 dxe4 26.fxe4 Cd7 27.Tc6 Txb5 
28.Txe6 Cc5 29.Te7 Cxe4 30.Tc1 Cg3+ 31.Rf2 Cf5 32.Ta7 h5 33.Tc6 Tf8 34.Fc5
Cd4 35.Fxd4 exd4 36.Tcc7 Tf5+ 37.Rg1 Td8 38.Tg7+ Rh8 39.Th7+ Rg8 40.Tag7+ 
Rf8 41.Txg6 Td6 42.Tgg7 Tfd5 43.Tc7 Rg8 44.Thg7+ Rh8 45.Tge7 Td8 46.Te2 d3
47.Td2 Tf5 48.Tc3 Tfd5 49.Rf2 Rh7 50.Re1 Te8+ 51.Rd1 Te3 52.Tf2 Tg3 53.Tc6
Tdg5 54.Tcxf6 Txg2 55.Rd2 T5g3 56.h4 Tg4 57.Rxd3 Txf2 58.Txf2 Txh4 59.Tf7+
Rg6 60.Ta7 Th1 61.Txa5 h4 62.Re2 h3 63.Rf2 Tc1 64.Rg3 Tc3+ 65.Rh2 Rf6 66.
b4 Re6 67.a4 Rd6 68.b5 Rc7 69.Ta7+ Rb6 70.Th7 Ta3 71.Th6+ Rb7 72.Th4 Ra7 
1/2-1/2

[Event "?"]
[Site "Dos Hermanas ESP"]
[Date "1994.??.??"]
[Round "9"]
[White "Karpov, Anatoly"]
[Black "Topalov, Veselin"]
[Result "1-0"]
[WhiteElo "2740"]
[BlackElo "2640"]
[EventDate "1994.04.??"]

1.d4 Cf6 2.Cf3 c5 3.d5 e6 4.Cc3 Cxd5 5.Cxd5 exd5 6.Dxd5 Fe7 7.e4 O-O 8.Fe2
d6 9.O-O Cc6 10.c3 Fe6 11.Dh5 h6 12.Td1 Te8 13.Ff4 Ff8 14.Cd2 g6 15.Df3 d5
16.Dg3 De7 17.exd5 Fxd5 18.Ff1 Df6 19.Cb3 Tad8 20.Td2 Fe6 21.Fc7 Txd2 22.
Cxd2 Ff5 23.Cc4 Te4 24.Ce3 Fc8 25.Td1 Te8 26.h3 Dg5 27.Df3 Rg7 28.Ff4 De7 
29.Cd5 De4 30.Cf6 Rxf6 31.Fe5+ Rxe5 32.Dxe4+ Rxe4 33.Te1+ Rf5 34.Txe8 Fe6 
35.Txf8 Fxa2 36.Tc8 1-0

[Event "It"]
[Site "Las Palmas ESP"]
[Date "1994.??.??"]
[Round "1"]
[White "Karpov, Anatoly"]
[Black "Topalov, Veselin"]
[Result "1/2-1/2"]
[WhiteElo "2740"]
[BlackElo "2640"]
[EventDate "1994.05.??"]

1.d4 Cf6 2.Cf3 e6 3.c4 c5 4.e3 d5 5.Cc3 dxc4 6.Fxc4 a6 7.a4 Fe7 8.O-O O-O 
9.De2 Cc6 10.Td1 Dc7 11.h3 Td8 12.d5 exd5 13.Cxd5 Cxd5 14.Txd5 Ca5 15.Fa2 
Fe6 16.Txd8+ Txd8 17.Fxe6 fxe6 18.Dc2 Db6 19.Fd2 Db3 20.Db1 Cc4 21.Fc3 Ff6
22.De4 Td1+ 23.Txd1 Dxd1+ 24.Rh2 Dd5 25.Dc2 Fxc3 26.Dxc3 Dd6+ 27.Rg1 Dd1+ 
28.Rh2 Dd6+ 29.Rg1 Dd1+ 1/2-1/2

[Event "Varna rap m"]
[Site "Varna BUL"]
[Date "1995.??.??"]
[Round "1"]
[White "Karpov, Anatoly"]
[Black "Topalov, Veselin"]
[Result "1/2-1/2"]
[WhiteElo "2775"]
[BlackElo "2640"]
[EventDate "1995.??.??"]

1.c4 Cf6 2.Cc3 g6 3.e4 d6 4.d4 Fg7 5.f3 O-O 6.Fe3 e5 7.Cge2 c6 8.Dd2 Ca6 
9.d5 cxd5 10.cxd5 Fd7 11.Cg3 h5 12.Fb5 Fxb5 13.Cxb5 Dd7 14.Cc3 Cc5 15.O-O 
a5 16.Tfc1 Ch7 17.Ch1 f5 18.Cf2 b6 19.De2 Cf6 20.Tab1 De7 21.Fg5 Rh7 22.b3
Fh6 23.Fxh6 Rxh6 24.a3 Ce8 25.b4 axb4 26.axb4 Cd7 27.Cb5 Rg7 28.Tc6 Tf7 
29.Tbc1 Ta4 30.Dc4 h4 31.Tc8 Cdf6 32.Db3 Ta6 33.Dd3 fxe4 34.fxe4 Ta2 35.
Tf1 Dd7 36.Tcc1 Ch5 37.Cc3 Cf4 38.De3 Tb2 39.Tb1 Tc2 40.Tbc1 Txc1 41.Txc1 
b5 42.Ce2 Cxe2+ 43.Dxe2 Da7 44.h3 Dd4 45.Tb1 Cf6 46.Rh2 Cxd5 47.exd5 Txf2 
48.Dxb5 Rh6 49.Tg1 Tb2 50.Db8 Df4+ 51.Rh1 Df6 52.b5 e4 53.b6 e3 54.b7 Dg7 
1/2-1/2

[Event "Varna rap m"]
[Site "Varna BUL"]
[Date "1995.??.??"]
[Round "2"]
[White "Topalov, Veselin"]
[Black "Karpov, Anatoly"]
[Result "1-0"]
[WhiteElo "2640"]
[BlackElo "2775"]
[EventDate "1995.??.??"]

1.e4 c6 2.d4 d5 3.Cd2 dxe4 4.Cxe4 Cd7 5.Fc4 Cgf6 6.Cg5 e6 7.De2 Cb6 8.Fd3 
h6 9.C5f3 c5 10.dxc5 Fxc5 11.Ce5 Cbd7 12.Cgf3 Dc7 13.Ff4 Fb4+ 14.Cd2 Fxd2+
15.Rxd2 O-O 16.Thd1 Cc5 17.Re1 Cd5 18.Fg3 Cxd3+ 19.Txd3 b5 20.a4 Fa6 21.
Dd2 b4 22.Cg6 Dc6 23.Cxf8 Fxd3 24.Dxd3 Txf8 25.f3 Tc8 26.Rd2 Td8 27.Re1 
Tc8 28.Rd2 Dc5 29.Te1 Db6 30.Db3 Dd4+ 31.Re2 a5 32.h3 h5 33.Rf1 Dd2 34.Te2
Dd1+ 35.Fe1 h4 36.Td2 Da1 37.Dd3 Dxb2 38.c4 De5 39.cxd5 Tc1 40.De2 1-0

[Event "Varna rap m"]
[Site "Varna BUL"]
[Date "1995.??.??"]
[Round "3"]
[White "Karpov, Anatoly"]
[Black "Topalov, Veselin"]
[Result "1-0"]
[WhiteElo "2775"]
[BlackElo "2640"]
[EventDate "1995.??.??"]

1.c4 Cf6 2.Cc3 g6 3.e4 d6 4.d4 Fg7 5.f3 O-O 6.Fe3 e5 7.Cge2 c6 8.Dd2 Cbd7 
9.d5 cxd5 10.cxd5 a6 11.g4 h5 12.g5 Ch7 13.Tg1 f6 14.gxf6 Txf6 15.O-O-O b5
16.b3 Cb6 17.Rb2 Fd7 18.Cc1 Fe8 19.Fe2 b4 20.Cb1 a5 21.Cd3 Tf8 22.Cf2 Cf6 
23.Tc1 Tb8 24.Tc2 De7 25.Ch3 Ch7 26.Dd3 a4 27.Rc1 axb3 28.axb3 Ca8 29.Da6 
Dd7 30.Cf2 Cc7 31.Da7 Tc8 32.Db7 Cxd5 33.Dxd5+ Ff7 34.Dd3 Txc2+ 35.Rxc2 
Ta8 36.Tc1 Cf6 37.Rd1 d5 38.Re1 De6 39.Fd2 dxe4 40.fxe4 Ff8 41.Fg5 Ch7 42.
Fe3 Df6 43.Cd2 Cg5 44.Db5 Ce6 45.Fc4 Td8 46.Db6 Td6 47.Da7 Dh4 48.Cf3 Df6 
49.Cd2 Fe7 50.Fd5 Cf4 51.Tc8+ Rg7 52.Fxf7 Ta6 53.Dd7 Ta1+ 54.Cd1 Dh4+ 55.
Ff2 Cg2+ 56.Re2 Cf4+ 57.Re3 Dg5 58.h4 Cg2+ 59.Rf3 Cxh4+ 60.Re2 Cg2 61.Cf3 
Cf4+ 62.Rd2 Dg2 63.Dxe7 Txd1+ 64.Rxd1 Dxf3+ 65.Rc1 Cd3+ 66.Rd2 Dxf2+ 67.
Rxd3 1-0

[Event "Varna rap m"]
[Site "Varna BUL"]
[Date "1995.??.??"]
[Round "4"]
[White "Topalov, Veselin"]
[Black "Karpov, Anatoly"]
[Result "0-1"]
[WhiteElo "2640"]
[BlackElo "2775"]
[EventDate "1995.??.??"]

1.e4 c6 2.d4 d5 3.Cd2 dxe4 4.Cxe4 Cd7 5.Cg5 Cgf6 6.Fc4 e6 7.De2 Cb6 8.Fd3 
h6 9.C5f3 c5 10.dxc5 Fxc5 11.Ce5 Cbd7 12.Cgf3 Dc7 13.Ff4 Fb4+ 14.Cd2 Fxd2+
15.Rxd2 O-O 16.Rc1 Td8 17.Td1 Cc5 18.Fc4 Txd1+ 19.Rxd1 a6 20.Cd3 Dc6 21.
Cxc5 Dxc5 22.Fd3 Fd7 23.Fe5 Fc6 24.Fxf6 gxf6 25.Dg4+ Rf8 26.Df4 Rg7 27.
Dg3+ Dg5 28.f3 f5 29.Re2 f4 30.Dxg5+ hxg5 31.a4 a5 32.h3 f5 33.c3 Rf6 34.
Fb5 Fd5 35.Td1 Tc8 36.Td4 Re5 37.Rd2 Tc7 38.Fe2 Fc6 39.Re1 Td7 40.Txd7 
Fxd7 41.b3 Rd6 42.Rf2 e5 43.Fd3 Rd5 44.Fc4+ Rc5 45.Fd3 Fe6 46.Fc2 e4 47.
Re2 b6 48.Rd2 Rd5 49.Re2 Re5 50.Rf2 Fd5 51.Re2 Rf6 52.Re1 exf3 53.gxf3 
Fxf3 54.Rf2 g4 0-1

[Event "Varna rap m"]
[Site "Varna BUL"]
[Date "1995.??.??"]
[Round "5"]
[White "Karpov, Anatoly"]
[Black "Topalov, Veselin"]
[Result "1/2-1/2"]
[WhiteElo "2775"]
[BlackElo "2640"]
[EventDate "1995.??.??"]

1.d4 Cf6 2.c4 c5 3.Cf3 cxd4 4.Cxd4 e5 5.Cb5 d5 6.cxd5 Fc5 7.e3 O-O 8.C5c3 
e4 9.a3 Te8 10.Cd2 Ff5 11.b4 Ff8 12.Cc4 Cbd7 13.Fb2 Cb6 14.Cxb6 Dxb6 15.
Fe2 a5 16.b5 Tad8 17.O-O Cd7 18.Ca4 Dg6 19.Te1 Ce5 20.Fxe5 Txe5 21.Cc3 Fd6
22.Dd4 Fh3 23.Ff1 h5 24.b6 h4 25.Rh1 Fd7 26.Ta2 Tde8 27.Cb5 Fxb5 28.Fxb5 
Tg5 29.Ff1 Tee5 30.Td1 Rh7 31.Tc2 Df6 32.Rg1 Df5 33.g3 hxg3 34.hxg3 Txd5 
35.Dxd5 Dxd5 36.Txd5 Txd5 37.a4 f5 38.Tc8 Fe5 39.Te8 Ff6 40.Tb8 Td6 41.
Txb7 Fd8 42.Fb5 1/2-1/2

[Event "Varna rap m"]
[Site "Varna BUL"]
[Date "1995.??.??"]
[Round "6"]
[White "Topalov, Veselin"]
[Black "Karpov, Anatoly"]
[Result "1-0"]
[WhiteElo "2640"]
[BlackElo "2775"]
[EventDate "1995.??.??"]

1.e4 c6 2.d4 d5 3.e5 Ff5 4.Cf3 e6 5.Fe2 Ce7 6.O-O Cd7 7.Ch4 a6 8.Cd2 c5 9.
c3 Tc8 10.Cxf5 Cxf5 11.Cf3 cxd4 12.cxd4 Db6 13.Tb1 Fe7 14.b4 O-O 15.Da4 
Dc7 16.Fd3 Cb6 17.Dd1 g6 18.Tb3 Ca4 19.g4 Cg7 20.Dd2 f5 21.exf6 Fxf6 22.
Dh6 Ce8 23.Cg5 De7 24.Fe3 Cb6 25.Te1 Cc4 26.Ff4 Fxd4 27.Fxg6 Cf6 28.Ff5 e5
29.Cf3 Fxf2+ 30.Rxf2 Ce4+ 31.Txe4 dxe4 32.Fg5 Dg7 33.Fxc8 Txc8 34.De6+ 1-0

[Event "Gran Canaria"]
[Site "Gran Canaria"]
[Date "1996.??.??"]
[Round "?"]
[White "Karpov, Anatoly"]
[Black "Topalov, Veselin"]
[Result "1/2-1/2"]
[WhiteElo "2775"]
[BlackElo "2700"]
[EventDate "1996.??.??"]

1.d4 Cf6 2.Cf3 e6 3.c4 c5 4.d5 d6 5.Cc3 exd5 6.cxd5 g6 7.e4 Fg7 8.h3 O-O 
9.Fd3 b5 10.Fxb5 Cxe4 11.Cxe4 Da5+ 12.Cfd2 Dxb5 13.Cxd6 Da6 14.C2c4 Cd7 
15.O-O Cb6 16.Cxb6 Dxb6 17.Cxc8 Taxc8 18.Tb1 Tfd8 19.Ff4 Db7 20.d6 Ff8 21.
Dd2 Fxd6 22.Fxd6 Tc6 23.Tfd1 Da6 24.Dg5 Tdxd6 25.Txd6 Txd6 26.Dxc5 Dxa2 
27.Te1 Td8 28.b4 a6 29.Dg5 Tf8 30.h4 Dc4 31.De7 h5 32.g3 Tc8 33.Td1 Dc6 
34.Td6 Da8 35.De1 Db7 36.Dd2 Te8 37.Dc3 Tc8 38.Dd2 Te8 39.Td5 Dc6 40.Rh2 
Df6 41.Td4 Dc6 42.Td6 Df3 43.Dd4 De4 44.Dc3 Db7 45.Tc6 Db5 46.Tf6 Te7 47.
Dc8+ Te8 48.Dxa6 Dxb4 49.Da2 Te6 50.Txe6 fxe6 51.Dxe6+ Rg7 52.Dd7+ Rf6 53.
Dc6+ Rg7 54.Dd5 Dc3 55.Rg2 Df6 56.Dd7+ Rg8 57.Dc8+ Rg7 58.Dc7+ Rg8 59.Df4 
Dc6+ 60.Rf1 De6 61.De3 Dc4+ 62.Re1 Dc2 63.Rf1 Dd1+ 64.Rg2 Dd5+ 65.f3 Da2+ 
66.Rh3 Db1 67.g4 hxg4+ 68.fxg4 Df1+ 69.Rg3 Df6 70.Dc5 De6 71.Dc3 De4 
1/2-1/2

[Event "Millenium"]
[Site "Vienna AUT"]
[Date "1996.??.??"]
[Round "7"]
[White "Topalov, Veselin"]
[Black "Karpov, Anatoly"]
[Result "1/2-1/2"]
[WhiteElo "2750"]
[BlackElo "2775"]
[EventDate "1996.08.09"]

1.Cf3 Cf6 2.c4 e6 3.Cc3 Fb4 4.g3 b6 5.Fg2 Fb7 6.O-O O-O 7.d3 d5 8.cxd5 
Cxd5 9.Dc2 Fe7 10.Td1 Cxc3 11.bxc3 c5 12.d4 Dc8 13.dxc5 bxc5 14.Tb1 Fc6 
15.Fg5 f6 16.Ff4 Cd7 17.Fd6 Tf7 18.Fxe7 Txe7 19.Td6 Cf8 20.Txc6 Dxc6 21.
Cd2 De8 22.Fxa8 Dxa8 23.De4 Dd5 24.Dxd5 exd5 25.Rf1 Rf7 26.Tb5 Tc7 27.a4 
1/2-1/2

[Event "It"]
[Site "Dos Hermanas ESP"]
[Date "1997.04.06"]
[Round "5"]
[White "Topalov, Veselin"]
[Black "Karpov, Anatoly"]
[Result "1/2-1/2"]
[WhiteElo "2725"]
[BlackElo "2760"]
[EventDate "1997.04.01"]

1.e4 c6 2.d4 d5 3.Cd2 dxe4 4.Cxe4 Cd7 5.Cg5 Cgf6 6.Fd3 e6 7.C1f3 Fd6 8.De2
h6 9.Ce4 Cxe4 10.Dxe4 c5 11.O-O Cf6 12.Fb5+ Re7 13.De2 Dc7 14.dxc5 Dxc5 
15.Fe3 Dc7 16.Fd4 Td8 17.c3 Fd7 18.Fc4 Fc6 19.Ce5 Fe4 20.Cg4 Cxg4 21.Dxe4 
Fxh2+ 22.Rh1 Fe5 23.Fxe6 fxe6 24.Dxg4 Fxd4 25.cxd4 Rf7 26.Tac1 Db6 27.Df4+
Rg8 28.Tc7 Dxd4 29.Dxd4 Txd4 30.Txb7 a5 31.Tc1 Tad8 32.f3 Td1+ 33.Txd1 
Txd1+ 34.Rh2 a4 35.b3 1/2-1/2

[Event "It"]
[Site "Dortmund GER"]
[Date "1997.07.10"]
[Round "6"]
[White "Karpov, Anatoly"]
[Black "Topalov, Veselin"]
[Result "1/2-1/2"]
[WhiteElo "2745"]
[BlackElo "2745"]
[EventDate "1997.07.04"]

1.d4 Cf6 2.Cf3 g6 3.g3 d5 4.Fg2 c6 5.O-O Fg7 6.Cbd2 O-O 7.c4 Ff5 8.b3 Ce4 
9.Fb2 Cd7 10.Ch4 Cxd2 11.Dxd2 Fe6 12.cxd5 cxd5 13.Db4 Tb8 14.Tfc1 Te8 15.
e3 Ff8 16.Da4 a6 17.Fc3 Cf6 18.Cf3 Fd7 19.Da5 e6 20.Dxd8 Texd8 21.a4 Ce4 
22.Fa5 b6 23.Fe1 Tdc8 24.Ce5 Fe8 25.f3 Cd6 26.g4 a5 27.Cd3 Txc1 28.Txc1 
Tc8 29.Txc8 Cxc8 30.Rf2 Ce7 31.Ff1 Cc6 32.Fc3 g5 33.e4 f6 34.exd5 exd5 35.
f4 Cb4 36.Fxb4 Fxb4 1/2-1/2

[Event "Hoogovens Blitz"]
[Site "Wijk aan Zee NED"]
[Date "1998.01.19"]
[Round "7"]
[White "Karpov, Anatoly"]
[Black "Topalov, Veselin"]
[Result "1-0"]
[WhiteElo "2735"]
[BlackElo "2740"]
[EventDate "1998.01.19"]

1.Cf3 f5 2.d4 Cf6 3.Fg5 e6 4.Cbd2 Fe7 5.Fxf6 Fxf6 6.e4 O-O 7.Fd3 g6 8.De2 
Fg7 9.c3 Cc6 10.O-O-O d5 11.e5 b6 12.h4 h6 13.Tdg1 Ce7 14.g4 f4 15.h5 g5 
16.Cxg5 hxg5 17.h6 Fh8 18.Cf3 c5 19.Cxg5 cxd4 20.Fh7# 1-0

[Event "Amber Blindfold"]
[Site "Monaco MNC"]
[Date "2000.03.24"]
[Round "8"]
[White "Karpov, Anatoly"]
[Black "Topalov, Veselin"]
[Result "0-1"]
[WhiteElo "2696"]
[BlackElo "2702"]
[EventDate "2000.03.16"]

1.d4 Cf6 2.c4 g6 3.Cf3 Fg7 4.g3 O-O 5.Fg2 d6 6.O-O c6 7.Cc3 Da5 8.e4 e5 9.
h3 Cbd7 10.Te1 exd4 11.Cxd4 Ce5 12.Ff1 Te8 13.Fe3 c5 14.Cf3 Cxf3+ 15.Dxf3 
Fe6 16.Ff4 Cd7 17.Fxd6 Ce5 18.De3 Tad8 19.Tad1 b6 20.a3 Cxc4 21.Fxc4 Fxc4 
22.e5 Da6 23.Df4 Fb3 24.Td2 Dc8 25.Rh2 f6 26.Tde2 fxe5 27.Fxe5 Tf8 28.De4 
Fxe5 29.Dxe5 Fc4 30.Te4 Txf2+ 31.Rg1 Tf5 32.De7 Fb3 33.g4 Tf7 34.Dh4 Tdf8 
35.Te7 Dd8 36.Dg5 Dd4+ 37.T7e3 Dd2 38.Ce4 Dxb2 39.Tf3 Txf3 0-1

[Event "Amber Rapidplay"]
[Site "Monaco MNC"]
[Date "2000.03.24"]
[Round "8"]
[White "Topalov, Veselin"]
[Black "Karpov, Anatoly"]
[Result "1-0"]
[WhiteElo "2702"]
[BlackElo "2696"]
[EventDate "2000.03.16"]

1.d4 Cf6 2.c4 e6 3.Cf3 d5 4.Cc3 Fe7 5.Ff4 O-O 6.e3 Cbd7 7.c5 c6 8.Fd3 b6 
9.b4 a5 10.a3 Fa6 11.O-O Dc8 12.h3 Fxd3 13.Dxd3 axb4 14.axb4 Db7 15.Dc2 
Tfc8 16.Tfb1 Fd8 17.Cd2 Txa1 18.Txa1 Ta8 19.Txa8 Dxa8 20.Da2 Dxa2 21.Cxa2 
Ce8 22.Cb3 Cc7 23.cxb6 Cxb6 24.Ca5 Cb5 25.Cxc6 Ff6 26.Rf1 Rf8 27.Re2 Re8 
28.Rd3 Rd7 29.Ca5 Fe7 30.f3 Cc8 31.Rc2 h5 32.Rb3 Fd6 33.Fxd6 Ccxd6 34.g4 
hxg4 35.hxg4 f5 36.Rc2 fxg4 37.fxg4 Ce4 38.Cb3 Cf6 39.Cc5+ Rd6 40.g5 Ch7 
41.g6 Cf8 42.Rb3 Cxg6 43.Ra4 Ca7 44.b5 Cc8 45.Ra5 e5 46.b6 Cxb6 47.Rxb6 
exd4 48.exd4 Ch4 49.Cc3 Cf3 50.Cb5+ Re7 51.Cd3 g5 52.Rc5 Re6 53.Cc3 Rf5 
54.Cf2 g4 55.Ch1 Rf4 56.Ce2+ Re3 57.Chg3 Rd3 58.Cf4+ Re3 59.Cfe2 Rd3 60.
Rxd5 Cxd4 61.Cxd4 Rc3 62.Rc5 Rd3 63.Cde2 Rd2 64.Rc4 Rc2 65.Cd4+ Rb2 66.Rb4
Ra2 67.Cdf5 Rb2 68.Ce3 Ra2 69.Cc4 Rb1 70.Rc3 Rc1 71.Cb2 Rb1 72.Cd3 Ra1 73.
Rb3 Rb1 74.Ce2 1-0

[Event "SuperGM"]
[Site "Sarajevo BIH"]
[Date "2000.05.20"]
[Round "4"]
[White "Topalov, Veselin"]
[Black "Kasparov, Garry"]
[Result "1/2-1/2"]
[WhiteElo "2702"]
[BlackElo "2851"]
[EventDate "2000.05.17"]

1.d4 d5 2.c4 c6 3.Cf3 Cf6 4.Cc3 e6 5.g3 Cbd7 6.Fg2 dxc4 7.a4 Fe7 8.O-O O-O
9.e4 e5 10.dxe5 Cg4 11.Ff4 Da5 12.e6 fxe6 13.e5 Cdxe5 14.Cxe5 Cxe5 15.Dh5 
Fd6 16.Ce4 Tf5 17.De8+ Tf8 18.Dh5 Tf5 19.De8+ 1/2-1/2

[Event "?"]
[Site "Las Palmas ESP"]
[Date "1991.??.??"]
[Round "3"]
[White "Korchnoi, Viktor"]
[Black "Topalov, Veselin"]
[Result "1-0"]
[WhiteElo "2615"]
[BlackElo "2455"]
[EventDate "1991.12.??"]

1.c4 Cf6 2.Cc3 c5 3.Cf3 e6 4.g3 Fe7 5.Fg2 O-O 6.O-O a6 7.d4 cxd4 8.Dxd4 
Dc7 9.Ca4 Da5 10.b3 Cc6 11.Db6 Dh5 12.h3 Ce4 13.De3 f5 14.Cd2 d5 15.Cxe4 
fxe4 16.Tb1 b5 17.g4 Df7 18.Cb6 Tb8 19.Fb2 Fd6 20.cxd5 exd5 21.Cxd5 Fb7 
22.Tbd1 Tbd8 23.Dxe4 Cb4 24.Cf6+ Dxf6 25.Fxf6 Fxe4 26.Fxd8 Fxg2 27.Txd6 
Fxf1 28.Rxf1 Cxa2 29.Fa5 Cc1 30.b4 Ta8 31.h4 Te8 32.Td8 Txd8 33.Fxd8 Cb3 
34.e3 Cd2+ 35.Re2 Cc4 36.Fc7 Rf7 37.Rd3 Re6 38.Rd4 g6 39.Fg3 h5 40.gxh5 
gxh5 41.e4 a5 42.bxa5 Cxa5 43.f4 Cb3+ 44.Re3 1-0

[Event "It 94-95"]
[Site "Pamplona ESP"]
[Date "1995.??.??"]
[Round "?"]
[White "Korchnoi, Viktor"]
[Black "Topalov, Veselin"]
[Result "0-1"]
[WhiteElo "2635"]
[BlackElo "2630"]
[EventDate "1994.12.??"]

1.c4 Cf6 2.Cc3 c5 3.g3 g6 4.Cf3 Fg7 5.d4 O-O 6.Fg2 d6 7.O-O Cc6 8.d5 Ca5 
9.Cd2 a6 10.Dc2 e6 11.b3 exd5 12.cxd5 b5 13.Fb2 Te8 14.Tae1 Fd7 15.Cce4 
Cxe4 16.Cxe4 Cb7 17.Fxg7 Rxg7 18.Db2+ f6 19.f4 De7 20.e3 Tac8 21.Cd2 c4 
22.bxc4 Cc5 23.Dd4 bxc4 24.Cxc4 Fb5 25.Tf2 Cd3 26.Dxd3 Txc4 27.Dd2 Tec8 
28.e4 Da7 29.Rh1 Fa4 30.Fh3 T8c7 31.De3 Txe4 32.Dxe4 Dxf2 33.De2 Dxe2 34.
Txe2 Fb5 35.Te1 Fc4 36.Rg1 Fxa2 37.Te6 Fxd5 38.Txd6 Fc4 39.Ff1 Fxf1 40.
Rxf1 Ta7 41.Td4 a5 42.Ta4 Rf7 43.Re2 Re6 44.Rd3 h5 45.h3 Rd5 46.g4 hxg4 
47.hxg4 Rc5 48.Rc3 Rb5 49.Te4 a4 50.Rb2 a3+ 51.Ra2 Ta4 52.Te6 Txf4 53.g5 
fxg5 54.Te5+ Rb4 55.Txg5 Tf2+ 56.Rb1 Tf6 57.Tg4+ Rc3 58.Tg3+ Rd2 59.Txa3 
g5 60.Tg3 Tb6+ 61.Ra2 Tg6 62.Tb3 g4 0-1

[Event "Millenium"]
[Site "Vienna AUT"]
[Date "1996.??.??"]
[Round "1"]
[White "Korchnoi, Viktor"]
[Black "Topalov, Veselin"]
[Result "0-1"]
[WhiteElo "2635"]
[BlackElo "2750"]
[EventDate "1996.08.09"]

1.Cf3 d6 2.c4 Fg4 3.e4 c5 4.Cc3 Fxf3 5.Dxf3 Cc6 6.d3 g6 7.g3 Fg7 8.Fg2 e6 
9.O-O Cge7 10.Fe3 O-O 11.De2 Tb8 12.Dd2 Cd4 13.Rh1 Cec6 14.f4 f5 15.Tae1 
Da5 16.Fg1 Rh8 17.h3 a6 18.g4 Tbe8 19.Fh2 Dd8 20.exf5 gxf5 21.gxf5 Cxf5 
22.Ce4 Ccd4 23.Dd1 Ch4 24.Tg1 Cdf5 25.Cg5 Fd4 26.Cxh7 Rxh7 27.Dh5+ Rg8 28.
Fe4+ Fg7 29.Txg7+ Rxg7 30.Tg1+ Rf6 31.Fg3 Cg6 32.Fe1 Re7 33.Txg6 Rd7 34.
Dg4 Rc8 35.Txe6 Txe6 36.Fxf5 Txf5 37.Dxf5 Dd7 0-1

[Event "Lost Boys 5th"]
[Site "Antwerp BEL"]
[Date "1997.??.??"]
[Round "4"]
[White "Korchnoi, Viktor"]
[Black "Topalov, Veselin"]
[Result "0-1"]
[WhiteElo "2610"]
[BlackElo "2745"]
[EventDate "1997.08.01"]

1.d4 Cf6 2.c4 c5 3.d5 b5 4.Cf3 g6 5.cxb5 a6 6.Dc2 Fg7 7.e4 axb5 8.Fxb5 
Da5+ 9.Cc3 Fa6 10.Fxa6 Cxa6 11.O-O Cb4 12.De2 O-O 13.Fe3 Cg4 14.Fg5 f6 15.
Fd2 Da6 16.Dxa6 Txa6 17.h3 Ch6 18.Tfd1 Cf7 19.Ce1 Taa8 20.Fe3 Tfc8 21.a3 
Ca6 22.Ca4 Tab8 23.Tac1 d6 24.Cd3 Tb3 25.Tc3 Tbb8 26.Tc4 Tb3 27.Cc1 Tbb8 
28.f4 f5 29.exf5 gxf5 30.Td2 h5 31.Ff2 Ch6 32.Ce2 Rf7 33.Fh4 Ff6 34.Fg5 
Cg8 35.Rh2 Cc7 36.Cg1 Tb3 37.Cf3 Tcb8 38.Ch4 Fxb2 39.Cxf5 Ff6 40.Cg3 Cb5 
41.Cxh5 Fd4 42.Cg3 Cxa3 43.Tcxd4 cxd4 44.Txd4 Cc2 45.Td2 Ce3 46.f5 Cf6 47.
Fxf6 Rxf6 0-1

[Event "Tilburg Fontys"]
[Site "Tilburg NED"]
[Date "1998.11.04"]
[Round "11"]
[White "Korchnoi, Viktor"]
[Black "Topalov, Veselin"]
[Result "1/2-1/2"]
[WhiteElo "2625"]
[BlackElo "2700"]
[EventDate "1998.10.??"]

1.d4 Cf6 2.c4 e6 3.Cc3 Fb4 4.Dc2 d5 5.cxd5 Dxd5 6.Cf3 Df5 7.Dxf5 exf5 8.
Ff4 Fe6 9.a3 Fd6 10.Fxd6 cxd6 11.e3 Cbd7 12.Tc1 Re7 13.Fd3 Tac8 14.Re2 Cb6
15.Cd2 a6 16.Tc2 Tc7 17.Thc1 Thc8 18.h3 h5 19.h4 Rd8 20.Rf3 g6 21.Rg3 Rd7 
22.Ce2 Txc2 23.Txc2 Txc2 24.Fxc2 Re7 25.Cf4 Fd7 26.f3 Fc6 27.Rf2 Cfd5 28.
Cxd5+ Fxd5 29.e4 fxe4 30.fxe4 Fe6 31.Re3 Cc4+ 32.Cxc4 Fxc4 33.Rf4 a5 34.
Rg5 b6 35.g3 Re6 36.Rh6 Re7 37.Rg7 Fe6 38.b3 b5 39.b4 axb4 40.axb4 Fc4 41.
Fd1 Fd3 42.Ff3 Fc4 43.Fg2 Fd3 1/2-1/2

[Event "EU Team Ch"]
[Site "Batumi GEO"]
[Date "1999.11.30"]
[Round "2"]
[White "Korchnoi, Viktor"]
[Black "Topalov, Veselin"]
[Result "1/2-1/2"]
[WhiteElo "2676"]
[BlackElo "2690"]
[EventDate "1999.11.06"]

1.d4 Cf6 2.c4 e6 3.Cc3 Fb4 4.e3 O-O 5.Cf3 c5 6.Fe2 d5 7.O-O dxc4 8.Fxc4 
Cbd7 9.Fd3 b6 10.a3 cxd4 11.axb4 dxc3 12.bxc3 Fb7 13.Fb2 Dc7 14.De2 Cg4 
15.e4 Tfd8 16.Tfd1 Cde5 17.Cxe5 Cxe5 18.f3 a5 19.bxa5 Cxd3 20.Txd3 bxa5 
21.Txd8+ Txd8 1/2-1/2

[Event "?"]
[Site "Madrid ESP"]
[Date "1993.??.??"]
[Round "9"]
[White "Kramnik, Vladimir"]
[Black "Topalov, Veselin"]
[Result "1/2-1/2"]
[WhiteElo "2685"]
[BlackElo "2635"]
[EventDate "1993.06.??"]

1.d4 Cf6 2.c4 g6 3.Cc3 Fg7 4.e4 d6 5.f3 O-O 6.Fe3 e5 7.Cge2 c6 8.Dd2 a6 9.
dxe5 dxe5 10.Dxd8 Txd8 11.Ca4 Cbd7 1/2-1/2